Kultúrnosť a etika predaja

Enregistré dans:
Détails bibliographiques
Auteur principal: Prachár, Juraj
Format: Livre
Langue:slovaque
Publié: Bratislava ERPO 1990
Édition:1. vyd.
Tags: Ajouter un tag
Pas de tags, Soyez le premier à ajouter un tag!

MARC

LEADER 00000nam a2200000 4500
001 c034236
005 20250529125156.9
041 0 |a slo 
044 |a SK 
245 1 0 |a Kultúrnosť a etika predaja  |c Juraj Prachár 
250 |a 1. vyd. 
264 1 |a Bratislava  |b ERPO  |c 1990 
300 |a 48 s. 
100 1 |a Prachár, Juraj